| 000 | 00439nam a2200181Ia 4500 | ||
|---|---|---|---|
| 999 |
_c91056 _d91056 |
||
| 003 | 0100 | ||
| 005 | 20180302123204.0 | ||
| 008 | 130307s9999 xx 000 0 und d | ||
| 040 | _cARRUPELIB | ||
| 050 | _aDT929.F55 1900 | ||
| 100 |
_aFitzpatrick, James Percy _940196 |
||
| 245 | 4 |
_aThe Transvaal from within: _ba private record of public affairs / |
|
| 260 |
_aLondon _bWilliam Heinemann _c1900 |
||
| 300 | _a364p. | ||
| 300 | _b19cm. | ||
| 650 |
_aTransvaal _xPolitics _y1880-1910 _940186 |
||
| 942 |
_2lcc _cMONOGRAPH |
||